Witkowski, Rafał, 1967-. Jerzy Schwengel (1697-1766). - Poznań : Wydaw. Poznańskie. - 2004 [Rezension]

Titel: Witkowski, Rafał, 1967-. Jerzy Schwengel (1697-1766). - Poznań : Wydaw. Poznańskie. - 2004 [Rezension]
Verfasser:
In: Rocznik Gdański, Band 66 (2006), Seite 201-203
alle Artikel anzeigen
Veröffentlicht: 2006
Format: Aufsatz
Sprache: Polnisch
Kein Bild verfügbar
X
alg: 39508620
001A    $01999:12-11-16 
001B    $01999:04-08-21 $t21:04:19.000 
001D    $01999:12-11-16 
001U    $0utf8 
001X    $00 
002@    $0Aox 
003@    $0395086205 
007A    $0395086205 $aHEB 
007T    $0Herdc0044351m 
010@    $apol 
011@    $a2006 
021A    $aWitkowski, Rafał, 1967-. Jerzy Schwengel (1697-1766). - Poznań : Wydaw. Poznańskie. -  2004 [Rezension] 
028A    $#Borzyszkowski, Josef $#Bòrzëszkòwsczi, Józef $7103361952 $8Borzyszkowski, Józef$Z1946- [Tp1] $9138771383 
031A    $d66 $h201-203 $j2006 
039B    $aIn $8--Abvc--. Rocznik Gdański. - Gdańsk : Wydawn. Gdańskie, 1927-. - ISSN 0080-3456 $x200600000660000799 $9047550872 
039T    $8--Aax--Witkowski, Rafał$Z1967- [Tp3]. Jerzy Schwengel (1697-1766). - Poznań : Wydaw. Poznańskie, 2004. - 421, nlb. 3, tabl. 8, mapy, sum $9395576776 
045F    $a900.9438 $eDDC23BSB 
045F/01 $a900 
045F/03 $g438 
045F/03 $g4382 
045F/03 $g43832 
045T    $a9,10 $a8 

lok: 39508620 78

exp: 39508620 78 1 #EPN
201B/01 $018-11-16 $t13:42:17.000 
201U/01 $0utf8 
203@/01 $0791384845 
208@/01 $a12-11-16 $be 
209A/01 $a/ $f000 $x00 
220C/01 $aTitelaufnehmer: cs 
220C/01 $aHerkunft: HI Marburg 
244Z/01 $2Trx $#Prusy Wschodnie i Zachodnie $8--Trx--Ost- und Westpreußen $x01 $939113373X 
244Z/01 $2Trx $#Poola $#Lenkija $#Polija $#Polen Land $#Poland $#Lengyelország $#Poľsko $#Polsko $8--Trx--Polska$gkraj $x02 $9391345966 
244Z/01 $2Trx $#arvustused $#recenzijos $#Reviews $#recenziók $#recenzje $#recenzie $#recenze $8--Trx--Rezensionen $x03 $9391357441 
247C/01 $82080>Marburg/Lahn, Herder-Institut, Forschungsbibliothek, Bibliographieportal $9336309341
LEADER 00000caa a22000002c 4500
001 395086205
003 DE-603
005 20210804210419.0
007 tu
008 161112s2006 xx |||| | u00||u|pol c
035 |a (DE-599)HEB395086205 
040 |a DE-603  |b ger  |c DE-603  |d DE-603 
041 |a pol 
082 0 4 |8 1\u  |a 900.9438  |q DE-101  |2 23/BSB 
084 |a 9,10  |a 8  |2 ssgn 
085 |8 1\u  |b 900 
085 |8 1\u  |z 2  |s 438 
085 |8 1\u  |z 2  |s 4382 
085 |8 1\u  |z 2  |s 43832 
100 1 |a Borzyszkowski, Józef  |d 1946-  |0 (DE-603)138771383  |0 (DE-588)103361952  |2 gnd 
245 0 0 |a Witkowski, Rafał, 1967-. Jerzy Schwengel (1697-1766). - Poznań : Wydaw. Poznańskie. - 2004 [Rezension] 
264 0 |c 2006 
773 0 8 |i In  |t Rocznik Gdański  |d Gdańsk : Wydawn. Gdańskie, 1927-  |x 0080-3456  |g Band 66 (2006), Seite 201-203  |w (DE-603)047550872  |w (DE-600)400807-8 
787 0 8 |i Rezension von  |a Witkowski, Rafał, 1967-  |t Jerzy Schwengel (1697-1766)  |d Poznań : Wydaw. Poznańskie, 2004  |h 421, nlb. 3, tabl. 8, mapy, sum, 8  |w (DE-603)395576776 
924 0 |9 2080  |a (DE-603)791384845  |b DE-2080  |c HES  |d d  |g /